Validation of multiple tools for flat plate photovoltaic modeling against measured data /

Bibliographic Details
Main Author: Freeman, Janine (Author)
Format: Government Document eBook
Language:English
Published: Golden, CO : National Renewable Energy Laboratory, August 2014.
Series:NREL/TP ; 6 A 20-61497.
Subjects:
Online Access:https://purl.fdlp.gov/GPO/gpo43209
http://purl.fdlp.gov/GPO/gpo43209

MARC

Tag First Indicator Second Indicator Subfields
LEADER 00000cam a2200000Ii 4500
001 in00003501166
005 20210430151936.0
006 m o d f
007 cr m||||||||||
008 150224e201408 coua obt f000 0 eng d
035 |a (OCoLC)ocn903932942 
043 |a n-us--- 
040 |a GPO  |b eng  |e rda  |e pn  |c GPO  |d MvI 
049 |a WWW 
074 |a 0430-P-03 (online) 
086 0 |a E 9.16:NREL/TP-6 A 20-61497 
100 1 |a Freeman, Janine,  |e author. 
245 1 0 |a Validation of multiple tools for flat plate photovoltaic modeling against measured data /  |c Janine Freeman [and three others]. 
264 1 |a Golden, CO :  |b National Renewable Energy Laboratory,  |c August 2014. 
300 |a 1 online resource (20 pages) :  |b color illustrations. 
336 |a text  |2 rdacontent 
337 |a computer  |2 rdamedia 
338 |a online resource  |2 rdacarrier 
490 1 |a NREL/TP ;  |v 6A20-61497 
500 |a Title from title screen (viewed Dec. 11, 2014). 
500 |a "Technical report." 
500 |a "August 2014." 
504 |a Includes bibliographical references (pages 19-20). 
536 |b DE-AC36-08GO28308  |g SS13.5010 
650 0 |a Photovoltaic power systems  |x Research. 
710 2 |a National Renewable Energy Laboratory (U.S.),  |e issuing body. 
830 0 |a NREL/TP ;  |v 6 A 20-61497. 
856 4 0 |u https://purl.fdlp.gov/GPO/gpo43209  |t 0 
856 4 0 |u http://purl.fdlp.gov/GPO/gpo43209  |t 0 
999 f f |s a652e00c-983c-3607-9ff1-8f05bdcfe4b2  |i 8caff9f5-0055-352b-a918-364c4ee684e8  |t 0 
952 f f |a Texas A&M University  |b College Station  |c Electronic Resources  |d Available Online  |t 0  |e E 9.16:NREL/TP-6 A 20-61497  |h Superintendent of Documents classification 
998 f f |a E 9.16:NREL/TP-6 A 20-61497  |t 0  |l Available Online